| 000 | 00438nab a2200145Ia 4500 | ||
|---|---|---|---|
| 003 | ES-SlBCS | ||
| 005 | 20210601124326.0 | ||
| 008 | 140529s1995 xxu||||| |||| 00| 0 eng d | ||
| 041 | _aeng | ||
| 100 | 1 |
_aApplebaum, Barbara _9139778 |
|
| 245 | 0 | 0 |
_aCreating a Trusting Atmosphere in the Classroom _c Barbara Applebaum |
| 650 | 0 | 4 |
_aAula _9139779 |
| 773 | 0 |
_tEducational Theory _gvol. 45, nº. 4, 1995, págs. 443-452 _wRev1399 |
|
| 942 | _cAR | ||
| 999 |
_c512969 _d512969 |
||